Normal view MARC view
  • Hersen, Michel,

Entry Nombre Personal

Number of records used in: 1

001 - NUMERO DE CONTROL

  • campo de control: 44368

003 - IDENTIFICADOR DE NUMERO DE CONTROL

  • campo de control: DLC

005 - FECHA Y HORA DE LA ÜLTIMA TRANSACCIÓN

  • campo de control: 20220506085412.0

008 - DATOS DE LONGITUD FIJA

  • campo de control de longitud fija: 220506n| azannaabn |n aaa

010 ## - NÚMERO DE CONTROL DE LA BIBLIOTECA DEL CONGRESO

  • Número de control LC: n 79056599
  • Número de Control LC Cancelado/inválido: n 00006710

035 ## - NUMERO DE CONTROL

  • Número de control: (OCoLC)oca00289690

040 ## - FUENTE DE CATALOGACIÓN

  • Agencia original de catalogación: DLC
  • Lenguaje de catalogación: spa
  • Description conventions: rda
  • Agencia de transcripción: DLC
  • Agencia que lo modifica: NmU
  • Agencia que lo modifica: DLC
  • Agencia que lo modifica: DNLM
  • Agencia que lo modifica: MX-MxUPN

046 ## - FECHAS CON CODIFICACIÓN ESPECIAL

  • Fecha de nacimiento: 19400114

100 1# - ENCABEZAMIENTO - NOMBRE PERSONAL

  • Nombre personal: Hersen, Michel,
  • Fechas asociadas con el nombre: 1940-

670 ## - FUENTE EN LA QUE SE LOCALIZARON DATOS

  • Cita de la fuente: Autor de Behavioral approaches to study and treatment of psychogenic tics, 1973

670 ## - FUENTE EN LA QUE SE LOCALIZARON DATOS

  • Cita de la fuente: Behavioral assessment, 1981:
  • Información localizada: portada (Michel Hersen, Univ. of Pittsburgh) CIP data sheet (b. 1/14/40)

670 ## - FUENTE EN LA QUE SE LOCALIZARON DATOS

  • Cita de la fuente: Psychological treatment of older adults, c1996:
  • Información localizada: portada (Michel Hersen; Nova Southeastern Univ., Fort Lauderdale, Fla.) página vi (Ctr. for Psychological Studies)

670 ## - FUENTE EN LA QUE SE LOCALIZARON DATOS

  • Cita de la fuente: This tranquil land, 2000:
  • Información localizada: texto (Michel Hersen, art collector)

670 ## - FUENTE EN LA QUE SE LOCALIZARON DATOS

  • Cita de la fuente: Phone call to author 06-15-01
  • Información localizada: (Michel Hersen is author of Tranquil land and the extensive list of titles in data base)

902 ## - CATALOGADOR

  • Catalogador: NDAF/220506